[Event "BL2-Ost 0203"]
[Site "Germany"]
[Date "2003.02.09"]
[Round "6.8"]
[White "Orlowski, Juergen"]
[Black "Rechel, Ralf"]
[Result "0-1"]
[WhiteElo "2175"]
[BlackElo "2181"]
[PlyCount "72"]
[EventDate "2002.10.20"]
[EventType "team-tourn"]
[EventRounds "9"]
[EventCountry "GER"]
[SourceTitle "EXT 2004"]
[Source "ChessBase"]
[SourceDate "2003.11.25"]
[SourceVersion "1"]
[SourceVersionDate "2003.11.25"]
[SourceQuality "1"]
[WhiteTeam "Wuerzburg"]
[BlackTeam "Hofheim"]
[WhiteTeamCountry "GER"]
[BlackTeamCountry "GER"]

1. d4 f5 2. g3 Nf6 3. Bg2 g6 4. c3 Bg7 5. Qb3 Nc6 6. Nh3 e6 7. Nf4 Qe7 8. Nd2 d6 9. h4 e5 10. dxe5 dxe5 11. Nd5 Nxd5 12. Bxd5 Nd8 13. Nf3 c6 14. Bg5 Bf6 15. 0-0-0 cxd5 16. Rxd5 Nc6 17. Rhd1 Bxg5+ 18. Nxg5 h6 19. Rd6 hxg5 20. hxg5 Qxg5+ 21. e3 Qe7 22. Qd5 g5 23. f4 exf4 24. exf4 Qe3+ 25. Rd2 a5 26. Rg6 Rf8 27. Kd1 Ne7 28. Qb5+ Kf7 29. Rh6 Be6 30. Re2 Rfd8+ 31. Kc2 Qg1 32. Rh7+ Kg8 33. Rh8+ Kxh8 34. Qe5+ Kh7 35. Re1 Qg2+ 36. Re2 Qd5 0-1

[Event "Hessenliga 0203"]
[Site "Germany"]
[Date "2002.12.01"]
[Round "4.4"]
[White "Rechel, Ralf"]
[Black "Steyer, Bernd"]
[Result "0-1"]
[WhiteElo "2168"]
[BlackElo "2142"]
[PlyCount "48"]
[EventDate "2002.10.??"]
[EventType "team-tourn"]
[EventRounds "9"]
[EventCountry "GER"]
[SourceTitle "EXT 2004"]
[Source "ChessBase"]
[SourceDate "2003.11.25"]
[SourceVersion "1"]
[SourceVersionDate "2003.11.25"]
[SourceQuality "1"]
[WhiteTeam "Hofheim II"]
[BlackTeam "Eppstein"]
[WhiteTeamCountry "GER"]
[BlackTeamCountry "GER"]

1. e4 c5 2. c3 d5 3. exd5 Qxd5 4. d4 Nc6 5. Nf3 Bf5 6. Be3 cxd4 7. cxd4 Bxb1 8. Qxb1 e5 9. dxe5 Bb4+ 10. Bd2 Bxd2+ 11. Nxd2 Rd8 12. Qd1 Nd4 13. Bc4 Qxe5+ 14. Kf1 b5 15. Nf3 Qc5 16. Bd3 Nxf3 17. Qxf3 Ne7 18. Re1 0-0 19. h4 Rfe8 20. g3 Nc6 21. Be4 Nd4 22. Qd3 f5 23. Bg2 Rxe1+ 24. Kxe1 Nc2+ 0-1

[Event "Hessenliga 0102"]
[Site "Germany"]
[Date "2002.03.03"]
[Round "7.7"]
[White "Rechel, Ralf"]
[Black "Debus, Alfred"]
[Result "1/2-1/2"]
[WhiteElo "2168"]
[BlackElo "2134"]
[PlyCount "95"]
[EventDate "2001.10.??"]
[EventType "team-tourn"]
[EventRounds "9"]
[EventCountry "GER"]
[SourceTitle "EXT 2003"]
[Source "ChessBase"]
[SourceDate "2002.11.25"]
[SourceVersion "1"]
[SourceVersionDate "2002.11.25"]
[SourceQuality "1"]
[WhiteTeam "Hofheim II"]
[BlackTeam "Marburg"]
[WhiteTeamCountry "GER"]
[BlackTeamCountry "GER"]

1. e4 c5 2. c3 d5 3. exd5 Qxd5 4. d4 Nc6 5. Nf3 Bg4 6. Be2 cxd4 7. cxd4 e6 8. Nc3 Qa5 9. h3 Bh5 10. 0-0 Nf6 11. Qb3 Qb4 12. Qxb4 Bxb4 13. a3 Be7 14. Be3 0-0 15. Rfd1 Rfd8 16. Rac1 Nd5 17. Nxd5 Rxd5 18. g4 Bg6 19. Bc4 Rd7 20. Ne5 Nxe5 21. dxe5 Rxd1+ 22. Rxd1 Be4 23. Rd7 Bf8 24. f4 a6 25. f5 Re8 26. fxe6 fxe6 27. Kf2 Bc6 28. Rc7 Be4 29. Bf4 Bc6 30. Bxa6 Bc5+ 31. Ke2 Bb6 32. Rxc6 bxc6 33. Bc4 Kf7 34. a4 Ba5 35. b3 Rd8 36. h4 Rd4 37. Kf3 Bc3 38. h5 Rd1 39. Bg3 Bb4 40. Kg2 Bc3 41. Kf3 g6 42. hxg6+ hxg6 43. Ke2 Rd4 44. Kf3 g5 45. Ba6 Ke7 46. Be2 Bd2 47. Bc4 Bc3 48. Be2 1/2-1/2